Dynamics of personnel management in India: A book of readings (Record no. 22646)

MARC details
000 -LEADER
fixed length control field 00355nam a2200121Ia 4500
082 ## - DEWEY DECIMAL CLASSIFICATION NUMBER
Classification number 658.3(540)
Item number AGA;1
245 #0 - TITLE STATEMENT
Title Dynamics of personnel management in India: A book of readings
260 ## - PUBLICATION, DISTRIBUTION, ETC. (IMPRINT)
Place of publication New Delhi
Name of publisher Tata McGraw Hill
Year of publication 1977
650 ## - SUBJECT ADDED ENTRY--TOPICAL TERM
Topical Term Personnel management
700 ## - ADDED ENTRY--PERSONAL NAME
Personal name Agarwal, R D
942 ## - ADDED ENTRY ELEMENTS (KOHA)
Koha item type Books
Holdings
Withdrawn status Lost status Damaged status Not for loan Home library Current library Date acquired Cost, normal purchase price Full call number Accession Number Koha item type
        RRII Library RRII Library 16/12/2021 48.00 658.3(540) AGA;1 03366 Books